BREAD! - Statistics

General Stats
  • This quiz has been taken 148 times
  • The average score is 7 of 8
Answer Stats
Bread? Bread! % Correct
? !
100%
! ?
100%
< >
100%
BREAD? BREAD!
94%
BReaD brEAd
94%
Bread Bread
94%
BREAD BREAD
94%
How long does it take to cook bread in a FRIGDE? 16 minutes in BREAD time, which for humans is 17 minutes and 13 seconds AKA a FORTNITE plus 3 minutes and 13 seconds - 13 days and several other existing hours. (According to GoGGLe)/ GG-G
1%
No matching quizzes found
Score Distribution
Percent of People with Each Score
Percentile by Number Answered
Your Score History
You have not taken this quiz